Statistics for All Eurovision cities

Click here to take the quiz!

General Stats

  • This quiz has been taken 22 times
  • The average score is 31 of 45

Answer Stats

HostTimesCity% Correct
Ireland6Dublin
100%
United Kingdom4London
100%
Luxembourg4Luxembourg
100%
Netherlands1Amsterdam
95%
Denmark3Copenhagen
95%
Israel2Jerusalem
95%
Norway2Oslo
95%
France1Paris
95%
Netherlands1Rotterdam
95%
Sweden3Stockholm
95%
Austria2Vienna
95%
Greece1Athens
89%
Azerbajian1Baku
89%
Ukraine 2Kyiv
89%
Netherlands2The Hague
89%
Israel1Tel Aviv
84%
Serbia1Belgrade
79%
United Kingdom1Birmingham
79%
Sweden1Gothenburg
79%
Sweden3Malmö
79%
Turkey1Istanbul
74%
Spain1Madrid
74%
Belgium1Brussels
68%
Finland1Helsinki
68%
Russia1Moscow
68%
Norway1Bergen
63%
Portugal1Lisbon
63%
United Kingdom1Liverpool
63%
Germany1Munich
63%
Italy1Rome
63%
Germany1Düsseldorf
58%
Italy1Naples
58%
Yugoslavia1Zagreb
58%
United Kingdom1Edinburgh
53%
Latvia1Riga
53%
Estonia1Tallinn
53%
Italy1Turin
53%
France2Cannes
47%
Germany1Frankfurt
47%
Switzerland1Lausanne
47%
United Kingdom1Brighton
32%
United Kingdom1Harrogate
26%
Switzerland1Lugano
26%
Ireland1Millstreet
16%
Netherlands1Hilversum
11%

Score Distribution

Percentile by Number Answered

Percent of People with Each Score

Your Score History

You have not taken this quiz